NBA Player By Legacy #2 - Statistics

General Stats
  • This quiz has been taken 71 times
  • The average score is 11 of 15
Answer Stats
Hint Answer % Correct
Most NBA championships of any individual player Bill Russell
100%
Great shooting forward who became hated for leaving OKC Kevin Durant
85%
Guard who led the Nets to two straight finals appearances before winning one with the Mavericks Jason Kidd
83%
New York Knick who led them to the finals as the eighth seed Patrick Ewing
83%
Guard who spent his entire career with the Miami Heat, winning three titles Dwyane Wade
79%
Guard of the Bad Boy Pistons, won two titles Isiah Thomas
77%
Known for his incredible scoring prowess, but never won a title Allen Iverson
70%
Nicknamed, "The Admiral," David Robinson
70%
35th overall pick renowned for his defense Draymond Green
70%
Forward who made the NBA finals 8 times as a Laker, but never won a ring Elgin Baylor
70%
Great Dunker who played 22 seasons in the NBA Vince Carter
70%
Nicknamed, "Agent Zero," Gilbert Arenas
68%
Part of the Celtics Big Three; was stabbed 11 times and still played every game that season Paul Pierce
66%
Athletic Forward who popularized the free throw line dunk Julius Erving
62%
Wore number 00 Robert Parish
57%
No matching quizzes found
Score Distribution
Percent of People with Each Score
Percentile by Number Answered
Your Score History
You have not taken this quiz